Care of the Self (Record no. 13442)

MARC details
000 -LEADER
fixed length control field 00661nam a2200253 a 4500
020 ## - INTERNATIONAL STANDARD BOOK NUMBER
ISBN 9780140137354
082 00 - DEWEY DECIMAL CLASSIFICATION NUMBER
Classification number 155.3
Author Cutter FOU
100 ## - MAIN ENTRY--AUTHOR NAME
Author name Foucault, Michel
245 ## - TITLE STATEMENT
Title Care of the Self
Sub title The History of Sexuality (volume 3)
260 ## - PUBLICATION, DISTRIBUTION, ETC. (IMPRINT)
Place of publication New Delhi
Name of publisher Penguin Books
Year of publication 1990
300 ## - PHYSICAL DESCRIPTION
Number of Pages 279p
500 ## - GENERAL NOTE
General note includes index and biblioraphy
505 2# - FORMATTED CONTENTS NOTE
Formatted contents note Bibliography, Index
650 ## - SUBJECT ADDED ENTRY--TOPICAL TERM
Topical Term Sexuality
650 ## - SUBJECT ADDED ENTRY--TOPICAL TERM
Topical Term Sexuality-Psychology
942 ## - ADDED ENTRY ELEMENTS (KOHA)
Koha item type Books
700 1# -
-- Foucault, Michel
Holdings
Collection code Home library Current library Date acquired Cost, normal purchase price Full call number Accession Number Koha item type
  Henry Martyn Institute Library Henry Martyn Institute Library 11/29/2012 399.00 155.3 FOU 023946 Books
                   Copyright © 2026 | Henry Martyn Institute | Hyderabad | TS-500052 | INDIA | Implemented by hmi.edu.in
Hit-Count:

Powered by Koha